| 000 | 01368nam0a2200361 4500 | ||
|---|---|---|---|
| 001 | RU\NLR\bibl\1762425 | ||
| 005 | 20250616124558.0 | ||
| 010 |
_a978-5-9902761-1-6 _930 |
||
| 021 |
_aRU _b2011-25722 _91831 |
||
| 035 | _a(nilc)RSL-KNO-004926645 | ||
| 035 | _a(NLR Aleph) 001753232 | ||
| 090 |
_a1531997 _c1531997 |
||
| 100 | _a20110411d2011 |||y0rusy50 ca | ||
| 101 | 0 | _arus | |
| 102 | _aRU | ||
| 105 | _ay ||||||||| | ||
| 200 | 1 |
_aЖенские истории _fМарина Азовская |
|
| 210 |
_aМосква _c[б. и.] _d2011 |
||
| 215 |
_a267 с. _d20 |
||
| 327 | 0 | _aСодерж.: Ужасное пророчество: повесть; рассказы: Московская командировка; Поезд ушел; Не думали, не гадали; Ожерелье; Синеглазка; Коварный удар [и др.]; Рассказы для детей; пьеса: Зараза кризиса; Стихи разных лет | |
| 686 |
_aШ5(2=Р)75-6я44 _2rubbk |
||
| 686 | _aШ6(2=Р)8я44 | ||
| 686 | _aШ9(2)62=Р7-4 | ||
| 700 | 1 |
_aАзовская _bМ. _gМарина _4070 |
|
| 801 | 0 |
_aRU _bRuMoRKP _c20110411 _grcr |
|
| 801 | 1 |
_aRU _bРГБ _c20110411 |
|
| 801 | 2 |
_aRU _bNLR _c20110422 _grcr |
|
| 942 | _cBOOK | ||
| 980 | _aNB | ||
| 980 | _aNBR | ||